书目信息 |
| 题名: |
顶级电影剪辑大师访谈
|
|
| 作者: | 张 著 ;刘硕 译 | |
| 分册: | ||
| 出版信息: | 北京 人民邮电出版社 2013.06 |
|
| 页数: | 190页 | |
| 开本: | 26cm | |
| 丛书名: | 电影的艺术 | |
| 单 册: | ||
| 中图分类: | J932 | |
| 科图分类: | ||
| 主题词: | 电影(艺术)--剪辑 , 电影(艺术) , 剪辑 | |
| 电子资源: | ||
| ISBN: | 978-7-115-30368-4 | |
| 000 | 00981oam2 2200313 450 | |
| 001 | 012013075385 | |
| 005 | 20140609145540.03 | |
| 010 | @a978-7-115-30368-4@dCNY108.00 | |
| 100 | @a20130806d2013 em y0chiy0110 ea | |
| 101 | 1 | @achi@ceng |
| 102 | @aCN@b110000 | |
| 105 | @aa z 000yy | |
| 106 | @ar | |
| 200 | 1 | @a顶级电影剪辑大师访谈@9ding ji dian ying jian ji da shi fang tan@f(美)Justin Chang著@g刘硕译 |
| 210 | @a北京@c人民邮电出版社@d2013.06 | |
| 215 | @a190页@c图,剧照@d26cm | |
| 225 | 2 | @a电影的艺术 |
| 305 | @a由The ilex press limited授权 | |
| 330 | @a本书收录了大量珍贵的电影剧照,生动地向读者展现了那些经典电影情节编辑创作中的故事。 | |
| 333 | @a影视艺术研究人员 | |
| 461 | 0 | @12001 @a电影的艺术 |
| 606 | 0 | @a电影(艺术)@x剪辑 |
| 606 | 0 | @a电影(艺术) |
| 606 | 0 | @a剪辑 |
| 690 | @aJ932@v5 | |
| 701 | 0 | @c(美)@a张@9zhang@c(Chang, Justin)@4著 |
| 702 | 0 | @a刘硕@9liu shuo@4译 |
| 801 | 0 | @aCN@b人天书店@c20130806 |
| 905 | @b548549-50@dJ932@e276@f2 | |
| 顶级电影剪辑大师访谈/(美)Justin Chang著/刘硕译.-北京:人民邮电出版社,2013.06 |
| 190页:图,剧照;26cm.-(电影的艺术) |
| 使用对象:影视艺术研究人员 |
| ISBN 978-7-115-30368-4:CNY108.00 |
| 本书收录了大量珍贵的电影剧照,生动地向读者展现了那些经典电影情节编辑创作中的故事。 |
| ● |
| 相关链接 |
|
|
|
|
正题名:顶级电影剪辑大师访谈
索取号:J932/276
 
预约/预借
| 序号 | 登录号 | 条形码 | 馆藏地/架位号 | 状态 | 备注 |
| 1 | 548549 | 205485492 | 第一样本阅览室/ [索取号:J932/276] | 在馆 | |
| 2 | 548550 | 205485508 | 第一借阅区/ [索取号:J932/276] | 在馆 |